Tropical marine pollution / (Record no. 3335)
[ view plain ]
| 000 -LEADER | |
|---|---|
| fixed length control field | 02676cam a2200565 a 4500 |
| 006 - FIXED-LENGTH DATA ELEMENTS--ADDITIONAL MATERIAL CHARACTERISTICS--GENERAL INFORMATION | |
| fixed length control field | m o d |
| 007 - PHYSICAL DESCRIPTION FIXED FIELD--GENERAL INFORMATION | |
| fixed length control field | cr cn||||||||| |
| 008 - FIXED-LENGTH DATA ELEMENTS--GENERAL INFORMATION | |
| fixed length control field | 090320s1975 ne a ob 001 0 eng d |
| 020 ## - INTERNATIONAL STANDARD BOOK NUMBER | |
| International Standard Book Number | 9780444412980 |
| 020 ## - INTERNATIONAL STANDARD BOOK NUMBER | |
| International Standard Book Number | 0444412980 |
| 020 ## - INTERNATIONAL STANDARD BOOK NUMBER | |
| International Standard Book Number | 9780080870489 |
| Qualifying information | (electronic bk.) |
| 020 ## - INTERNATIONAL STANDARD BOOK NUMBER | |
| International Standard Book Number | 0080870481 |
| Qualifying information | (electronic bk.) |
| 020 ## - INTERNATIONAL STANDARD BOOK NUMBER | |
| International Standard Book Number | 9786611772116 |
| Qualifying information | (electronic bk.) |
| 020 ## - INTERNATIONAL STANDARD BOOK NUMBER | |
| International Standard Book Number | 6611772111 |
| 040 ## - CATALOGING SOURCE | |
| Original cataloging agency | IMU Kochi Library |
| Language of cataloging | eng |
| 041 0# - LANGUAGE CODE | |
| Language code of text/sound track or separate title | eng |
| 060 #4 - NATIONAL LIBRARY OF MEDICINE CALL NUMBER | |
| Classification number | WA 689 |
| Item number | T856 1975 |
| 082 04 - DEWEY DECIMAL CLASSIFICATION NUMBER | |
| Classification number | 574.5/2636 |
| Edition number | 22 |
| 245 00 - TITLE STATEMENT | |
| Title | Tropical marine pollution / |
| 260 ## - PUBLICATION, DISTRIBUTION, ETC. (IMPRINT) | |
| Place of publication, distribution, etc | Amsterdam ; |
| -- | New York : |
| Name of publisher, distributor, etc | Elsevier Scientific Pub. Co., |
| Date of publication, distribution, etc | 1975. |
| 300 ## - PHYSICAL DESCRIPTION | |
| Extent | 1 online resource (ix, 192 pages) : |
| Other physical details | illustrations |
| 490 1# - SERIES STATEMENT | |
| Series statement | Elsevier oceanography series ; |
| Volume number/sequential designation | 12 |
| 504 ## - BIBLIOGRAPHY, ETC. NOTE | |
| Bibliography, etc | Includes bibliographical references (pages 154-181) and index. |
| 505 0# - FORMATTED CONTENTS NOTE | |
| Formatted contents note | Introduction : marine communities respond differently to pollution in the tropics than at higher latitudes / R.E. Johannes and Susan B. Betzer -- Pollution and degredation of coral reef communities / R.E. Johannes -- The response of mangroves to man-induced environmental stress / William E. Odum and R.E. Johannes -- Tropical sea grass ecosystems and pollution / J.C. Zieman -- Effects of thermal pollution on tropical-type estuaries, with emphasis on Biscayne Bay, Florida / J.C. Zieman and E.J. Ferguson Wood -- Biological impact of a large-scale desalination plant at Key West, Florida / Richard H. Chesher. |
| 650 #0 - SUBJECT ADDED ENTRY--TOPICAL TERM | |
| Topical term or geographic name as entry element | Marine pollution |
| Geographic subdivision | Tropics. |
| 650 #0 - SUBJECT ADDED ENTRY--TOPICAL TERM | |
| Topical term or geographic name as entry element | Marine biology. |
| 650 #2 - SUBJECT ADDED ENTRY--TOPICAL TERM | |
| Topical term or geographic name as entry element | Marine Biology |
| 650 #2 - SUBJECT ADDED ENTRY--TOPICAL TERM | |
| Topical term or geographic name as entry element | Water Pollution |
| 650 #6 - SUBJECT ADDED ENTRY--TOPICAL TERM | |
| Topical term or geographic name as entry element | Pollution marine |
| Geographic subdivision | R�egions tropicales. |
| 650 #6 - SUBJECT ADDED ENTRY--TOPICAL TERM | |
| Topical term or geographic name as entry element | Biologie marine. |
| 650 #7 - SUBJECT ADDED ENTRY--TOPICAL TERM | |
| Topical term or geographic name as entry element | marine biology. |
| Source of heading or term | aat |
| 650 #7 - SUBJECT ADDED ENTRY--TOPICAL TERM | |
| Topical term or geographic name as entry element | NATURE |
| General subdivision | Animals |
| -- | Marine Life. |
| Source of heading or term | bisacsh |
| 650 #7 - SUBJECT ADDED ENTRY--TOPICAL TERM | |
| Topical term or geographic name as entry element | Marine biology. |
| Source of heading or term | fast |
| 650 #7 - SUBJECT ADDED ENTRY--TOPICAL TERM | |
| Topical term or geographic name as entry element | Marine pollution. |
| Source of heading or term | fast |
| 651 #7 - SUBJECT ADDED ENTRY--GEOGRAPHIC NAME | |
| Geographic name | Tropics. |
| Source of heading or term | fast |
| 700 1# - ADDED ENTRY--PERSONAL NAME | |
| Personal name | Wood, E. J. Ferguson. |
| 700 1# - ADDED ENTRY--PERSONAL NAME | |
| Personal name | Johannes, R. E. |
| Fuller form of name | (Robert Earle), |
| Dates associated with a name | 1936-2002. |
| 830 #0 - SERIES ADDED ENTRY--UNIFORM TITLE | |
| Uniform title | Elsevier oceanography series ; |
| Volume number/sequential designation | 12. |
| 852 ## - LOCATION/CALL NUMBER | |
| Location | IMU Kochi Library |
| 856 ## - ELECTRONIC LOCATION AND ACCESS | |
| Uniform Resource Identifier | <a href="https://www.sciencedirect.com/science/book/9780444412980">https://www.sciencedirect.com/science/book/9780444412980</a> |
| 856 ## - ELECTRONIC LOCATION AND ACCESS | |
| Uniform Resource Identifier | <a href="https://www.sciencedirect.com/science/bookseries/04229894/12">https://www.sciencedirect.com/science/bookseries/04229894/12</a> |
| 904 ## - LOCAL DATA ELEMENT D, LDD (RLIN) | |
| CATALOGER | Rudra Ranjan |
| 905 ## - LOCAL DATA ELEMENT E, LDE (RLIN) | |
| VERIFIER | Rudra Ranjan |
| 942 ## - ADDED ENTRY ELEMENTS (KOHA) | |
| Item type | E-Book |
| 338 ## - | |
| -- | online resource |
| 650 #2 - SUBJECT ADDED ENTRY--TOPICAL TERM | |
| -- | (DNLM)D008386 |
| 650 #2 - SUBJECT ADDED ENTRY--TOPICAL TERM | |
| -- | (DNLM)D014876 |
| 650 #6 - SUBJECT ADDED ENTRY--TOPICAL TERM | |
| -- | (CaQQLa)201-0005872 |
| -- | (CaQQLa)201-0421857 |
| 650 #6 - SUBJECT ADDED ENTRY--TOPICAL TERM | |
| -- | (CaQQLa)201-0003896 |
| 650 #7 - SUBJECT ADDED ENTRY--TOPICAL TERM | |
| -- | (CStmoGRI)aat300264402 |
| 650 #7 - SUBJECT ADDED ENTRY--TOPICAL TERM | |
| -- | (OCoLC)fst01009447 |
| 650 #7 - SUBJECT ADDED ENTRY--TOPICAL TERM | |
| -- | (OCoLC)fst01009826 |
| 651 #7 - SUBJECT ADDED ENTRY--GEOGRAPHIC NAME | |
| -- | (OCoLC)fst01240674 |
No items available.